Ekonomické aspekty fungovania zdravotníctva bakalárska práca

Salvato in:
Dettagli Bibliografici
Autore principale: Kurcabová, Katarína
Ente Autore: Národohospodárska fakulta EU. Katedra financií
Altri autori: Gerulová, Lukrécia, 1978-
Natura: Libro
Lingua:slovacco
Pubblicazione: Bratislava 2011
Tags: Aggiungi Tag
Nessun Tag, puoi essere il primo ad aggiungerne!!

MARC

LEADER 00000nam a2200000 4500
001 0152718
005 20240320072014.0
041 0 |a slo 
044 |a SK 
245 1 0 |a Ekonomické aspekty fungovania zdravotníctva  |b bakalárska práca  |c Katarína Kurcabová ; školiteľ: Lukrécia Kováč Gerulová 
264 1 |a Bratislava  |c 2011 
300 |a 34 s. 
100 1 |a Kurcabová, Katarína 
700 1 |a Gerulová, Lukrécia, 1978- 
710 2 |a Národohospodárska fakulta EU. Katedra financií